Welche Schnellbahnlinie? - Hamburg - Statistiken

Allgemein
  • Dieses Quiz wurde 157 mal gespielt
  • Das Durchschnittsergebnis liegt bei 11 aus 20
Antwortstatistiken
Hint Antwort % Korrekt
Blankenese S 1
72%
Überseequartier U 4
71%
Großhansdorf U 1
68%
Rübenkamp S 1
63%
Gänsemarkt U 2
62%
Bergedorf S 2
61%
Wandsbek Markt U 1
61%
Kiwittsmoor U 1
61%
St. Pauli U 3
61%
Billwerder-Moorfleet S 2
54%
Halstenbek S 3
53%
Kellinghusenstraße Umsteigestation
52%
Dehnhaide U 3
51%
Berliner Tor Umsteigestation
49%
Schippelsweg U 2
47%
Buxtehude S 5
44%
Elbbrücken Umsteigestation
40%
Horner Rennbahn Umsteigestation
39%
Stadthausbrücke Umsteigestation
36%
Neugraben Umsteigestation
36%
Keine übereinstimmenden Quizze gefunden
Verteilung der Resultate
Anzahl Personen mit jedem Resultat
Perzentil nach korrekt beantworteten Fragen
Ihre Resultats-Entwicklung
Sie haben dieses Quiz noch nicht gespielt